The Monkees greatest hits (Record no. 574)

MARC details
000 -LEADER
fixed length control field 00330nam a2200133 a 4500
005 - DATE AND TIME OF LATEST TRANSACTION
control field 20260322212025.0
008 - FIXED-LENGTH DATA ELEMENTS--GENERAL INFORMATION
fixed length control field data
092 ## - LOCALLY ASSIGNED DEWEY CALL NUMBER (OCLC)
Classification number 171
001 - CONTROL NUMBER
control field data
110 2# - MAIN ENTRY--CORPORATE NAME
Corporate name or jurisdiction name as entry element Monkees, The
245 14 - TITLE STATEMENT
Title The Monkees greatest hits
Statement of responsibility, etc. Monkees, The.
260 ## - PUBLICATION, DISTRIBUTION, ETC.
Place of publication, distribution, etc. Santa Monica, CA
Name of publisher, distributor, etc. Rhino Records
Date of publication, distribution, etc. 1995
650 #0 - SUBJECT ADDED ENTRY--TOPICAL TERM
Topical term or geographic name entry element Popular music
General subdivision 1961-1970
Geographic subdivision United States
Holdings
Withdrawn status Lost status Damaged status Not for loan Home library Current library Shelving location Date acquired Total checkouts Full call number Barcode Date last seen Price effective from Koha item type
        Centerville Centerville General stacks 22/03/2026   GEN BC0010589 22/03/2026 22/03/2026 Books